LDR 01141naa#a2200157#i#450# 001 RU\\bibl\124813 005 20260604101142.4 100 ## _a20260531b2026####ek#y0rusy0150####ca 102 ## _aRU 200 1# _aАКТУАЛЬНЫЕ ВОПРОСЫ ИСПОЛЬЗОВАНИЯ ВЫСОКОТЕХНОЛОГИЧНЫХ ИНСТРУМЕНТОВ В ПРОБАЦИОННЫХ ОТНОШЕНИЯХ: ЦИФРОВАЯ ТРАНСФОРМАЦИЯ РЕСОЦИАЛИЗАЦИИ _eЖурнальная статья 210 1# _aМосква _cНациональный исследовательский университет "Московский институт электронной техники _d2026 215 ## _a0 с. 608 ## _aЖурнальная статья _2local 675 ## _aОпекунский надзор за отбывшими наказание. 343.848 _aПатронаж. Общественный, коллективный надзор. Последующее воспитание. 343.848.3 _aФальсификация в судопроизводстве. 343.364 _z 700 #1 _aТепляшин _gПавел Владимирович 856 4# _ahtlaw.ru _u